000 00325nam a22001337a 4500
020 _a0-00-674515-6
082 _a823
_bAND/H
100 _aCHRIS POWLING, SCOULAR ANDERSON
245 _aHARRY MOVES HOUSE
260 _aUNITED KINGDOM
_bCOLLINS
_c1994
300 _a64
650 _aCHILDRE'S STORY BOOK
_zUNITED KINGDOM
942 _cBK
999 _c50
_d50